Normal view
MARC view
Entry Personal Name
001 - CONTROL NUMBER
- control field: 20216
003 - CONTROL NUMBER IDENTIFIER
- control field: ARRUPE
005 - DATE AND TIME OF LATEST TRANSACTION
- control field: 20151012094614.0
008 - FIXED-LENGTH DATA ELEMENTS
- fixed length control field: 151012|| aca||aabn | a|a d
040 ## - CATALOGING SOURCE
- Original cataloging agency: ARRUPE
- Transcribing agency: ARRUPE
100 ## - HEADING--PERSONAL NAME
- Personal name: Woolf, Virginia,
- Dates associated with a name: 1882-1941
- Form subdivision: Diaries.
670 ## - SOURCE DATA FOUND
- Source citation: Work cat.: (ARRUPE)0: Woolf, Virginia, 1882-1941. 20211, The diary of Virginia Woolf /, 1977-1980.